[Event "PRO League All Stars St1"]
[Site "chess.com INT"]
[Date "2018.09.08"]
[Round "3"]
[White "Shimanov, Aleksandr"]
[Black "Jones, Gawain C B"]
[Result "0-1"]
[WhiteTitle "GM"]
[BlackTitle "GM"]
[WhiteElo "2626"]
[BlackElo "2677"]
[WhiteTeam "Atlantic"]
[BlackTeam "Central"]
[WhiteFideId "4198603"]
[BlackFideId "409561"]
[EventDate "2018.09.08"]

1. Nf3 Nf6 2. d4 g6 3. Bg5 Bg7 4. Nbd2 O-O 5. c3 d5 6. e3 Nbd7 7. Be2 Re8 8. O-O
e5 9. h3 c6 10. b4 Qe7 11. Rc1 e4 12. Ne1 Nb6 13. a3 Be6 14. c4 h6 15. Bh4 g5
16. Bg3 Nxc4 17. Nxc4 dxc4 18. Bxc4 Bxc4 19. Rxc4 Qe6 20. Rc5 Nd5 21. b5 Bf8 22.
bxc6 Bxc5 23. cxb7 Bxa3 24. bxa8=Q Rxa8 25. Qa4 Bf8 26. Nc2 a5 27. Ra1 Nc3 28.
d5 Qxd5 0-1

[Event "PRO League All Stars St1"]
[Site "chess.com INT"]
[Date "2018.09.08"]
[Round "4"]
[White "Iturrizaga Bonelli, Eduardo"]
[Black "Smirnov, Anton"]
[Result "1/2-1/2"]
[WhiteTitle "GM"]
[BlackTitle "GM"]
[WhiteElo "2636"]
[BlackElo "2549"]
[WhiteTeam "Atlantic"]
[BlackTeam "Pacific"]
[WhiteFideId "3901211"]
[BlackFideId "3208923"]
[EventDate "2018.09.08"]

1. Nf3 d5 2. c4 c6 3. e3 Nf6 4. Nc3 e6 5. Qc2 Nbd7 6. b3 Bd6 7. Bb2 Qe7 8. h3
Ne5 9. Nxe5 Bxe5 10. d4 Bd6 11. Bd3 a6 12. c5 Bc7 13. f4 g5 14. g3 Nh5 15. Qf2
gxf4 16. gxf4 Bd7 17. O-O-O b5 18. Rdg1 O-O-O 19. Rg5 Nf6 20. Rhg1 h6 21. Rg7
Rdg8 22. Qh4 Bd8 23. Kc2 Qf8 24. Rxg8 Rxg8 25. Rxg8 Nxg8 26. Qg3 f5 27. Ne2 Nf6
28. Ng1 Qg8 29. Qxg8 Nxg8 30. Nf3 Be8 31. Bc3 Ne7 32. Be2 Bh5 1/2-1/2

[Event "PRO League All Stars St1"]
[Site "chess.com INT"]
[Date "2018.09.08"]
[Round "4"]
[White "Vidit, Santosh Gujrathi"]
[Black "Lenic, Luka"]
[Result "1/2-1/2"]
[WhiteTitle "GM"]
[BlackTitle "GM"]
[WhiteElo "2711"]
[BlackElo "2656"]
[WhiteTeam "Eastern"]
[BlackTeam "Central"]
[WhiteFideId "5029465"]
[BlackFideId "14603853"]
[EventDate "2018.09.08"]

1. e4 c5 2. Nf3 Nc6 3. Bb5 e6 4. O-O Nge7 5. Re1 a6 6. Bf1 d5 7. exd5 Nxd5 8. d4
Nf6 9. Be3 Nd5 10. Bg5 f6 11. Bc1 cxd4 12. Nxd4 Nxd4 13. Qxd4 Bd6 14. g3 O-O 15.
Bg2 Qc7 16. c3 Bc5 17. Qd3 Rd8 18. Qe2 e5 19. Nd2 Be6 20. Kh1 Bf7 21. Ne4 Bf8
22. h4 b5 23. a4 Rab8 24. axb5 axb5 25. h5 h6 26. Qg4 Kh8 27. Qf3 b4 28. Bd2
bxc3 29. bxc3 Nb6 30. Be3 Bd5 31. Qf5 Qd7 32. Qxd7 Nxd7 33. Red1 Be6 34. Ra7 f5
35. Bh3 Rbc8 36. Kh2 Nb8 37. Rxd8 Rxd8 38. Nc5 Bxc5 39. Bxc5 Nc6 40. Rc7 Rc8 41.
Rxc8+ Bxc8 42. Bg2 e4 43. f3 exf3 44. Bxf3 Ne5 45. Be2 Be6 46. Bd4 Nc4 47. Kg2
Kh7 48. Kf3 g6 49. hxg6+ Kxg6 50. Kf4 h5 51. Bd3 Nb2 52. Bb1 Nc4 53. Ba2 Bd5 54.
Bb3 Be6 55. Bc2 Na3 56. Bd3 Nc4 57. Be2 Nb2 58. Ke5 Bc4 59. Bxc4 Nxc4+ 60. Kd5
Nd2 61. c4 Nxc4 62. Kxc4 f4 63. gxf4 Kf5 64. Be3 Ke4 65. Bg1 Kxf4 66. Bh2+ Kf3
67. Bd6 h4 68. Bc7 h3 69. Bd6 h2 70. Bxh2 1/2-1/2

[Event "PRO League All Stars St1"]
[Site "chess.com INT"]
[Date "2018.09.08"]
[Round "4"]
[White "Jones, Gawain C B"]
[Black "Andriasian, Zaven"]
[Result "1-0"]
[WhiteTitle "GM"]
[BlackTitle "GM"]
[WhiteElo "2677"]
[BlackElo "2603"]
[WhiteTeam "Central"]
[BlackTeam "Eastern"]
[WhiteFideId "409561"]
[BlackFideId "13302000"]
[EventDate "2018.09.08"]

1. e4 c5 2. Nf3 d6 3. Bb5+ Nc6 4. O-O Bd7 5. Re1 Nf6 6. c3 a6 7. Bc4 b5 8. Bf1
Bg4 9. a4 b4 10. d4 Bxf3 11. gxf3 e6 12. d5 Ne7 13. dxe6 fxe6 14. f4 Nc6 15. Bg2
Rc8 16. e5 dxe5 17. Qxd8+ Nxd8 18. fxe5 Nd5 19. c4 Nb6 20. a5 Nd7 21. b3 Nc6 22.
Bb2 Be7 23. Nd2 O-O 24. Bh3 Kf7 25. Re4 g5 26. Bg4 Bd8 27. Nf3 h6 28. h4 Nxa5
29. hxg5 hxg5 30. Nxg5+ Bxg5 31. Rxa5 Nb8 32. Ra1 Rcd8 33. Bc1 Bxc1 34. Rxc1 Nc6
35. Ra1 a5 36. Re3 Ke7 37. Be2 Rf5 38. Kf1 Rh8 39. Kg2 Rg5+ 40. Rg3 Rxe5 41. Bf3
Nd4 42. Rxa5 Kf6 43. Ra7 Nf5 44. Rg4 Re1 45. Be4 Nh4+ 46. Kh3 Ng6+ 47. Kg2 Nh4+
48. Kh3 Nf5+ 49. Kg2 Nd4 50. Rag7 Ke5 51. R7g5+ Kd6 52. Bf3 Rhh1 53. Kg3 Reg1+
54. Bg2 Rh8 55. f4 Rf8 56. Kf2 Rb1 57. Be4 Rb2+ 58. Kg3 Rxb3+ 59. Kf2 Re3 60.
Kxe3 b3 61. Re5 b2 62. Bd3 Rb8 63. Rg1 Rb3 64. Rb1 Nc6 65. Kd2 Nxe5 66. fxe5+
Kxe5 67. Kc2 Ra3 68. Rxb2 Kd4 69. Be2 Rc3+ 70. Kd2 Rh3 71. Rb8 Rh2 72. Rd8+ Ke5
73. Rd3 Kf6 74. Rf3+ Ke5 75. Re3+ Kf6 76. Kd3 Rh4 77. Bf3 Rd4+ 78. Kc3 Rf4 79.
Be4 Rh4 80. Bc6 Ke7 81. Bd5 Rh6 82. Kb3 Kd6 83. Bf3 Rf6 84. Ka4 Rf8 85. Rd3+ Ke5
86. Kb5 Rc8 87. Bc6 Kf4 88. Kxc5 e5 89. Rd7 e4 90. Rf7+ Kg3 91. Re7 Kf4 92.
Rxe4+ Kf5 93. Re1 Kf6 94. Kd6 Rb8 95. c5 Rb2 96. Bd5 Rd2 97. c6 Rc2 98. c7 Rc3
99. Rf1+ Kg7 100. Be6 Rd3+ 101. Ke7 Rc3 102. c8=Q Rxc8 103. Bxc8 1-0

[Event "PRO League All Stars St1"]
[Site "chess.com INT"]
[Date "2018.09.08"]
[Round "4"]
[White "Le, Quang Liem"]
[Black "Dreev, Aleksey"]
[Result "1-0"]
[WhiteTitle "GM"]
[BlackTitle "GM"]
[WhiteElo "2715"]
[BlackElo "2649"]
[WhiteTeam "Atlantic"]
[BlackTeam "Pacific"]
[WhiteFideId "12401137"]
[BlackFideId "4100107"]
[EventDate "2018.09.08"]

1. Nf3 d5 2. g3 Bg4 3. Bg2 c6 4. d3 Nd7 5. Nbd2 e5 6. h3 Bh5 7. e4 Bd6 8. O-O
Ngf6 9. Qe1 O-O 10. Nh4 Re8 11. a4 Nc5 12. a5 a6 13. Kh1 Ne6 14. Nb3 Qc7 15. Be3
Bf8 16. f4 c5 17. fxe5 Qxe5 18. Rf5 Qxb2 19. e5 Bg6 20. exf6 Bxf5 21. Nxf5 Qxf6
22. Qf2 Qd8 23. Rf1 Qd7 24. Nxc5 Bd6 25. Nxd7 1-0

[Event "PRO League All Stars St1"]
[Site "chess.com INT"]
[Date "2018.09.08"]
[Round "4"]
[White "Melkumyan, Hrant"]
[Black "Meier, Georg"]
[Result "1-0"]
[WhiteTitle "GM"]
[BlackTitle "GM"]
[WhiteElo "2660"]
[BlackElo "2639"]
[WhiteTeam "Eastern"]
[BlackTeam "Central"]
[WhiteFideId "13302485"]
[BlackFideId "4675789"]
[EventDate "2018.09.08"]

1. c4 b6 2. d4 e6 3. e4 Bb4+ 4. Bd2 Bxd2+ 5. Qxd2 d5 6. cxd5 exd5 7. e5 Ne7 8.
Nf3 O-O 9. Bd3 c5 10. O-O Nbc6 11. Nc3 Bg4 12. Ng5 h6 13. Nh7 Re8 14. Nf6+ gxf6
15. Qxh6 f5 16. f3 Bh3 17. Qxh3 cxd4 18. Nb5 Nxe5 19. f4 N5c6 20. Rf3 Kg7 21.
Bxf5 Rh8 22. Qg4+ Kf8 23. Rg3 Rg8 24. Qh5 Rxg3 25. hxg3 Nxf5 26. Qxf5 a6 27. Na3
Qd6 28. Rc1 Re8 29. Nc2 Qc5 30. Qd3 Re3 31. Qd2 Rxg3 32. Ne1 Qd6 33. Nf3 Rg6 34.
Kf2 Re6 35. Rh1 Re4 36. f5 Ke7 37. Rh6 Qf4 38. Qxf4 Rxf4 39. Rxc6 Kd7 40. Rxb6
d3 41. Rxa6 d2 42. Ke2 Rg4 43. Kxd2 Rxg2+ 44. Ke3 Rxb2 45. Ra7+ Kd6 46. Kf4 Rxa2
47. Rxa2 1-0

[Event "PRO League All Stars St1"]
[Site "chess.com INT"]
[Date "2018.09.08"]
[Round "4"]
[White "Vachier-Lagrave, Maxime"]
[Black "Gupta, Abhijeet"]
[Result "1-0"]
[WhiteTitle "GM"]
[BlackTitle "GM"]
[WhiteElo "2780"]
[BlackElo "2588"]
[WhiteTeam "Central"]
[BlackTeam "Eastern"]
[WhiteFideId "623539"]
[BlackFideId "5010608"]
[EventDate "2018.09.08"]

1. d4 Nf6 2. Nf3 g6 3. g3 Bg7 4. Bg2 O-O 5. O-O d5 6. c4 c6 7. Qb3 a5 8. cxd5 a4
9. Qd1 cxd5 10. Nc3 a3 11. bxa3 Ne4 12. Bb2 Nxc3 13. Bxc3 Rxa3 14. Bb2 Ra6 15.
Ne5 Nc6 16. e3 Bf5 17. Qe2 Nxe5 18. dxe5 Be4 19. f3 Bf5 20. Rfd1 Qa8 21. Bd4 Rc8
22. g4 Rc2 23. Qb5 Be6 24. a4 Ra5 25. Qb3 Rc4 26. Rdb1 b5 27. axb5 Bh6 28. Rxa5
Qxa5 29. b6 Rc8 30. b7 Rb8 31. h4 Qd2 32. g5 Bf8 33. Bf1 Bf5 34. Ra1 Bc2 35. Qb2
Rxb7 36. Qxb7 Bd1 37. Qb2 1-0

[Event "PRO League All Stars St1"]
[Site "chess.com INT"]
[Date "2018.09.08"]
[Round "5"]
[White "Shimanov, Aleksandr"]
[Black "Melkumyan, Hrant"]
[Result "1/2-1/2"]
[WhiteTitle "GM"]
[BlackTitle "GM"]
[WhiteElo "2626"]
[BlackElo "2660"]
[WhiteTeam "Atlantic"]
[BlackTeam "Eastern"]
[WhiteFideId "4198603"]
[BlackFideId "13302485"]
[EventDate "2018.09.08"]

1. c4 Nf6 2. g3 g6 3. Bg2 Bg7 4. Nc3 c5 5. Nf3 O-O 6. O-O Nc6 7. d4 cxd4 8. Nxd4
d6 9. Nc2 Be6 10. b3 Qd7 11. Re1 Rfc8 12. Bb2 Bh3 13. Bh1 Qd8 14. Qd2 Qa5 15.
Ne3 Rab8 16. Red1 a6 17. a4 Qh5 18. Ncd5 Nxd5 19. Nxd5 Bxb2 20. Qxb2 Be6 21. Bf3
Qh6 22. Nb6 Rd8 23. a5 Qg7 24. Qxg7+ Kxg7 25. Kf1 f5 26. Ke1 Kf6 27. Kd2 g5 28.
Kc3 Bf7 29. b4 Ne5 30. Bd5 Be8 31. h3 Ng6 32. e3 e6 33. Bg2 h5 34. Rd2 h4 35.
gxh4 Nxh4 36. Bh1 Bh5 37. c5 d5 38. b5 axb5 39. Kb4 Be8 40. a6 bxa6 41. Rxa6 Kf7
42. Ra7+ Kf8 43. Rc7 Ng6 44. Bf3 Ne5 45. Be2 Nc6+ 46. Kb3 Ne5 47. Kb4 Nc6+ 48.
Kb3 Ne5 49. Kb4 1/2-1/2

[Event "PRO League All Stars St1"]
[Site "chess.com INT"]
[Date "2018.09.08"]
[Round "5"]
[White "Dreev, Aleksey"]
[Black "Jones, Gawain C B"]
[Result "0-1"]
[WhiteTitle "GM"]
[BlackTitle "GM"]
[WhiteElo "2649"]
[BlackElo "2677"]
[WhiteTeam "Pacific"]
[BlackTeam "Central"]
[WhiteFideId "4100107"]
[BlackFideId "409561"]
[EventDate "2018.09.08"]

1. d4 Nf6 2. Nf3 g6 3. g3 Bg7 4. Bg2 O-O 5. O-O d6 6. b3 c5 7. c4 d5 8. Na3 cxd4
9. Nxd4 e5 10. Nf3 Nc6 11. cxd5 Nxd5 12. Bb2 Re8 13. e4 Ndb4 14. Nc4 Bg4 15. h3
Bxf3 16. Bxf3 Nd4 17. Bg2 Rc8 18. a3 Nbc6 19. h4 Na5 20. Nxa5 Qxa5 21. b4 Qb5
22. Re1 Nc2 23. Bh3 Nxe1 24. Bf5 gxf5 0-1

[Event "PRO League All Stars St1"]
[Site "chess.com INT"]
[Date "2018.09.08"]
[Round "5"]
[White "Andriasian, Zaven"]
[Black "Le, Quang Liem"]
[Result "1-0"]
[WhiteTitle "GM"]
[BlackTitle "GM"]
[WhiteElo "2603"]
[BlackElo "2715"]
[WhiteTeam "Eastern"]
[BlackTeam "Atlantic"]
[WhiteFideId "13302000"]
[BlackFideId "12401137"]
[EventDate "2018.09.08"]

1. e4 c6 2. d3 d5 3. Nd2 e5 4. Ngf3 Nd7 5. g3 Bd6 6. Bg2 Ne7 7. O-O O-O 8. Re1
Re8 9. b3 d4 10. Nc4 Bc7 11. a4 c5 12. Rf1 Nc6 13. Nh4 Nf8 14. Nf5 Ng6 15. h4
Nge7 16. Qf3 f6 17. h5 Rf8 18. g4 g6 19. Ng3 Kg7 20. Bh3 Be6 21. Kh1 g5 22. Bd2
h6 23. Qe2 a6 24. a5 Bxc4 25. bxc4 Bxa5 26. Bxa5 Nxa5 27. Nf5+ Nxf5 28. exf5 Nc6
29. Bg2 Qc7 30. Rfb1 Nb4 31. Kg1 Ra7 32. Rb2 b5 33. Qe4 bxc4 34. dxc4 a5 35. Ra4
Qd7 36. Ra3 a4 37. Bf3 Rb8 38. Kg2 Qc7 39. Rb1 Nd5 40. Rba1 Nc3 41. Qe1 Rb4 42.
Rxc3 dxc3 43. Qxc3 Qd8 44. Bd5 Qa5 45. Qd3 a3 46. Bf3 a2 47. c3 Rb2 48. Be4 Qa4
49. Qd5 Qa5 50. Qe6 Qb6 51. Qe8 Qd6 52. Bd5 Rb8 53. Qg6+ Kf8 54. Qg8+ Ke7 55.
Qf7+ Kd8 56. Qxa7 e4 57. Rxa2 e3 58. fxe3 Qe5 59. Bf3 Ke8 60. Qxb8+ Qxb8 61. Ra8
Qxa8 62. Bxa8 Ke7 63. Kf3 Kd6 64. Ke4 1-0

[Event "PRO League All Stars St1"]
[Site "chess.com INT"]
[Date "2018.09.08"]
[Round "5"]
[White "Gupta, Abhijeet"]
[Black "Iturrizaga Bonelli, Eduardo"]
[Result "1-0"]
[WhiteTitle "GM"]
[BlackTitle "GM"]
[WhiteElo "2588"]
[BlackElo "2636"]
[WhiteTeam "Eastern"]
[BlackTeam "Atlantic"]
[WhiteFideId "5010608"]
[BlackFideId "3901211"]
[EventDate "2018.09.08"]

1. d4 Nf6 2. c4 c5 3. d5 b5 4. cxb5 a6 5. e3 Bb7 6. Nc3 axb5 7. Bxb5 g6 8. Nf3
Bg7 9. O-O O-O 10. e4 d6 11. a4 Na6 12. h3 Nc7 13. Qc2 Nxb5 14. Nxb5 Qb6 15. Bd2
Ba6 16. b4 Nxe4 17. Qxe4 Bxb5 18. bxc5 Qd8 19. axb5 Bxa1 20. c6 Bf6 21. Be3 Qa5
22. b6 Qa4 23. Qxa4 Rxa4 24. b7 Rb4 25. Rc1 Kg7 26. g4 h6 27. Nd2 Rb8 28. Rb1
Bb2 29. Rxb2 1-0

[Event "PRO League All Stars St1"]
[Site "chess.com INT"]
[Date "2018.09.08"]
[Round "5"]
[White "Lenderman, Aleksandr"]
[Black "Vidit, Santosh Gujrathi"]
[Result "1-0"]
[WhiteTitle "GM"]
[BlackTitle "GM"]
[WhiteElo "2630"]
[BlackElo "2711"]
[WhiteTeam "Atlantic"]
[BlackTeam "Eastern"]
[WhiteFideId "2021285"]
[BlackFideId "5029465"]
[EventDate "2018.09.08"]

1. d4 Nf6 2. c4 e6 3. g3 c5 4. Nf3 cxd4 5. Nxd4 d5 6. Bg2 e5 7. Nf3 d4 8. O-O
Nc6 9. e3 Be7 10. exd4 exd4 11. Bf4 Be6 12. Nbd2 O-O 13. Ne5 Qb6 14. Qb3 Rac8
15. Qxb6 axb6 16. Rac1 Rfd8 17. Rfe1 Nd7 18. Nxd7 Rxd7 19. Bd5 Nd8 20. Nf3 Bxd5
21. cxd5 Rxc1 22. Bxc1 Kf8 23. Nxd4 Rxd5 24. Be3 Bc5 25. Nf3 Ne6 26. Kf1 Ke7 27.
Ke2 Bxe3 28. Kxe3 Rb5 29. b3 Ra5 30. Re2 g5 31. Rd2 g4 32. Nd4 Re5+ 33. Kd3 Nc5+
34. Kc2 h5 35. b4 Ne6 36. Nxe6 Kxe6 37. a4 Rf5 38. Kb3 b5 39. axb5 Rxb5 40. Kc4
Re5 41. Rd8 b5+ 42. Kd4 Rf5 43. Ke3 Rf3+ 44. Ke2 Rb3 45. Rh8 Rxb4 46. Rxh5 f5
47. h3 gxh3 48. Rxh3 Rb2+ 49. Kf3 Ke5 50. Rh8 Rb3+ 51. Kg2 b4 52. Rb8 Kf6 53.
Rb6+ Kg5 54. f4+ Kh5 55. Rf6 Rb2+ 56. Kh3 b3 57. Rxf5+ Kg6 58. Rb5 Rb1 59. Kg4
b2 60. Rb6+ Kf7 61. f5 Ke7 62. Kg5 Rg1 63. Rb7+ Kf8 64. Rxb2 Rxg3+ 65. Kf6 Kg8
66. Rb8+ Kh7 67. Rf8 Ra3 68. Re8 Ra6+ 69. Kf7 Ra7+ 70. Re7 Ra6 71. f6 Rb6 72.
Kf8+ Kg6 73. f7 Rb8+ 74. Re8 Rb7 75. Re6+ Kf5 76. Ra6 Kg5 77. Kg8 Rxf7 78. Kxf7 1-0

[Event "PRO League All Stars St1"]
[Site "chess.com INT"]
[Date "2018.09.08"]
[Round "5"]
[White "Smirnov, Anton"]
[Black "Vachier-Lagrave, Maxime"]
[Result "1/2-1/2"]
[WhiteTitle "GM"]
[BlackTitle "GM"]
[WhiteElo "2549"]
[BlackElo "2780"]
[WhiteTeam "Pacific"]
[BlackTeam "Central"]
[WhiteFideId "3208923"]
[BlackFideId "623539"]
[EventDate "2018.09.08"]

1. e4 c5 2. Nf3 d6 3. d4 cxd4 4. Nxd4 Nf6 5. Nc3 a6 6. Be3 Ng4 7. Bc1 Nf6 8. Be3
e5 9. Nde2 Ng4 10. Qd2 Be6 11. O-O-O Nd7 12. f4 Nxe3 13. Qxe3 Qb6 14. Qg3 Rc8
15. Kb1 Nf6 16. f5 Bc4 17. Qf3 h5 18. Nc1 Be7 19. Bxc4 Rxc4 20. Nd5 Nxd5 21.
Rxd5 h4 22. Rhd1 O-O 23. f6 Bxf6 24. Rxd6 Rc6 25. Rxc6 Qxc6 26. Nd3 Rd8 27. Nf2
Rxd1+ 28. Qxd1 Bg5 29. Qe2 g6 30. Nd3 Qb6 31. Qe1 Qd4 32. h3 Kg7 33. a3 b5 34.
Qe2 a5 35. Qg4 Bf6 36. Qe2 b4 37. axb4 axb4 38. Ne1 Be7 39. Nf3 Qc5 40. Ka2 Qd6
41. Kb1 Qe6 42. Ka1 Qd6 43. Kb1 Qc5 44. Ka2 Qd6 45. Kb1 1/2-1/2

[Event "PRO League All Stars St1"]
[Site "chess.com INT"]
[Date "2018.09.08"]
[Round "5"]
[White "Lenic, Luka"]
[Black "Xiong, Jeffery"]
[Result "0-1"]
[WhiteTitle "GM"]
[BlackTitle "GM"]
[WhiteElo "2656"]
[BlackElo "2651"]
[WhiteTeam "Central"]
[BlackTeam "Pacific"]
[WhiteFideId "14603853"]
[BlackFideId "2047640"]
[EventDate "2018.09.08"]

1. d4 Nf6 2. c4 g6 3. Nc3 d5 4. Nf3 Bg7 5. cxd5 Nxd5 6. Na4 Bf5 7. Nc5 Nd7 8. e4
Nxc5 9. exf5 Nd7 10. Bd3 O-O 11. O-O c6 12. Re1 Qb6 13. a3 Rad8 14. fxg6 hxg6
15. Qe2 Rfe8 16. Bg5 Bf6 17. Qd2 Bxg5 18. Qxg5 Nf8 19. b4 Nf6 20. Bc4 Kg7 21.
Rad1 Rd6 22. h4 Qd8 23. Qe5 Nd7 24. Qg3 Nb6 25. Bxf7 Nh5 26. Qxd6 Qxd6 27. Bxe8
Kf8 28. Bxg6 Qxg6 29. Re5 Nf4 30. Rg5 Qf6 31. Re1 Nh3+ 32. gxh3 Qxf3 33. Re3
Qd1+ 34. Kg2 Qxd4 35. Rf3+ Ke8 36. h5 Nd5 37. h6 Qh4 38. Rg8+ Kd7 39. Rh8 Nf4+
40. Kh2 Ng6 41. Rh7 b6 42. Rg3 Nf4 43. Rh8 Ne2 44. Rd3+ Kc7 45. Rf3 Nd4 46. Rf7
Qh5 47. Rxe7+ Kd6 48. Re3 Nf5 49. Rd3+ Ke5 50. h7 Kf4 51. Rg3 Qf7 52. Rg4+ Kf3
53. Kg1 Qd7 54. Rf8 Qd1+ 55. Kh2 Qd6+ 0-1

[Event "PRO League All Stars St1"]
[Site "chess.com INT"]
[Date "2018.09.08"]
[Round "5"]
[White "Xiong, Jeffery"]
[Black "Lenderman, Aleksandr"]
[Result "1-0"]
[WhiteTitle "GM"]
[BlackTitle "GM"]
[WhiteElo "2651"]
[BlackElo "2630"]
[WhiteTeam "Pacific"]
[BlackTeam "Atlantic"]
[WhiteFideId "2047640"]
[BlackFideId "2021285"]
[EventDate "2018.09.08"]

1. e4 e6 2. d4 d5 3. exd5 exd5 4. Nf3 c6 5. Bd3 Bd6 6. O-O Ne7 7. Re1 O-O 8. b3
Bf5 9. c4 Bxd3 10. Qxd3 Na6 11. Nc3 Nb4 12. Qb1 Ng6 13. a3 Na6 14. cxd5 cxd5 15.
Qf5 Nc7 16. Bg5 Qc8 17. Qd3 f6 18. Bd2 Qd7 19. a4 a6 20. h4 Rfe8 21. h5 Nf4 22.
Bxf4 Bxf4 23. g3 Bd6 24. Nh4 Bb4 25. Rxe8+ Rxe8 26. Ne2 Qg4 27. Nf4 Bd6 28. Nhg2
Qd7 29. Rc1 a5 30. Qf3 Ba3 31. Rc2 Bf8 32. Ne3 Rd8 33. Kg2 b6 34. Qd1 Bd6 35.
Qf3 Bxf4 36. Qxf4 Ne6 37. Qg4 Kf7 38. Rc1 Kg8 39. Kg1 Kf7 40. Nf5 Ng5 41. Kf1 g6
42. hxg6+ hxg6 43. Ne3 Qxg4 44. Nxg4 Ne6 45. Rc6 Nxd4 46. Rxf6+ Kg7 47. Rxb6 Rd7
48. Ne5 Re7 49. Nxg6 Rc7 50. Nf4 Rc1+ 51. Kg2 Rb1 52. Nxd5 Rxb3 53. Rxb3 Nxb3
54. f4 Nc5 55. Nc3 Kf6 56. Kf3 Ke6 57. g4 Kf6 58. Ke3 Kg7 59. Kd4 Ne6+ 60. Ke5
Nc5 61. f5 Nd3+ 62. Ke6 Kf8 63. g5 Nf4+ 64. Ke5 Nd3+ 65. Kf6 Nf2 66. g6 Ng4+ 67.
Kg5 Nf2 68. f6 Kg8 69. Kf5 Nd1 70. Nxd1 1-0

[Event "PRO League All Stars St1"]
[Site "chess.com INT"]
[Date "2018.09.08"]
[Round "6"]
[White "Iturrizaga Bonelli, Eduardo"]
[Black "Meier, Georg"]
[Result "1-0"]
[WhiteTitle "GM"]
[BlackTitle "GM"]
[WhiteElo "2636"]
[BlackElo "2639"]
[WhiteTeam "Atlantic"]
[BlackTeam "Central"]
[WhiteFideId "3901211"]
[BlackFideId "4675789"]
[EventDate "2018.09.08"]

1. Nf3 d5 2. d4 Nf6 3. c4 e6 4. Nc3 dxc4 5. e3 a6 6. a4 c5 7. Bxc4 Nc6 8. O-O
Be7 9. Qe2 cxd4 10. Rd1 e5 11. exd4 exd4 12. Nxd4 Nxd4 13. Qe5 Qd6 14. Qxd6 Bxd6
15. Rxd4 Be5 16. Rd1 O-O 17. h3 Re8 18. Be3 Be6 19. Be2 Rac8 20. Bf3 Re7 21. Bd4
Bxd4 22. Rxd4 g6 23. Rad1 Kg7 24. Rb4 Rcc7 25. Rd6 Bc8 26. Kh2 Red7 27. Rdb6 Rd2
28. Rxf6 1-0

[Event "PRO League All Stars St1"]
[Site "chess.com INT"]
[Date "2018.09.08"]
[Round "6"]
[White "Jones, Gawain C B"]
[Black "Lenderman, Aleksandr"]
[Result "0-1"]
[WhiteTitle "GM"]
[BlackTitle "GM"]
[WhiteElo "2677"]
[BlackElo "2630"]
[WhiteTeam "Central"]
[BlackTeam "Atlantic"]
[WhiteFideId "409561"]
[BlackFideId "2021285"]
[EventDate "2018.09.08"]

1. e4 e6 2. d3 c5 3. Nf3 Nc6 4. g3 g6 5. Bg2 Bg7 6. O-O Nge7 7. c3 d5 8. Qe2 O-O
9. h4 e5 10. h5 Bg4 11. h6 Bh8 12. Na3 d4 13. Bd2 a6 14. c4 Qd7 15. Qe1 Rae8 16.
Nh2 Bh3 17. Qe2 Bxg2 18. Kxg2 f5 19. Rae1 f4 20. Qg4 Qxg4 21. Nxg4 g5 22. Rh1
Kf7 23. Rh5 Bf6 24. gxf4 gxf4 25. Kf3 Rg8 26. Nc2 b5 27. cxb5 axb5 28. Na3 Rb8
29. Rc1 c4 30. Nxf6 Kxf6 31. Ke2 c3 32. bxc3 dxc3 33. Bxc3 b4 34. Bxe5+ Nxe5 35.
Nc4 N5c6 36. Kd2 Rg2 37. Rf1 Ra8 38. d4 Nxd4 39. Kd3 Ne6 40. e5+ Kg6 41. Rh3
Rxa2 42. Rh4 Raxf2 43. Ra1 Rg3+ 44. Ke4 Re2+ 0-1

[Event "PRO League All Stars St1"]
[Site "chess.com INT"]
[Date "2018.09.08"]
[Round "6"]
[White "Le, Quang Liem"]
[Black "Lenic, Luka"]
[Result "1/2-1/2"]
[WhiteTitle "GM"]
[BlackTitle "GM"]
[WhiteElo "2715"]
[BlackElo "2656"]
[WhiteTeam "Atlantic"]
[BlackTeam "Central"]
[WhiteFideId "12401137"]
[BlackFideId "14603853"]
[EventDate "2018.09.08"]

1. Nf3 c5 2. g3 Nc6 3. c4 g6 4. Bg2 Bg7 5. O-O e5 6. Nc3 Nge7 7. a3 a5 8. Ne1 d6
9. Nc2 Be6 10. Ne3 O-O 11. d3 Rb8 12. Ned5 Bd7 13. Rb1 Nxd5 14. cxd5 Ne7 15. b4
cxb4 16. axb4 b5 17. bxa5 b4 18. Ne4 Nxd5 19. Ra1 Ra8 20. Nxd6 Rxa5 21. Nb7 Rxa1
22. Nxd8 Nc3 23. Qd2 Rxd8 24. Bb2 Ra2 25. Ra1 Rxa1+ 26. Bxa1 e4 27. dxe4 Nxe2+
28. Qxe2 Bxa1 29. Qd2 b3 30. Qa5 Bf6 31. Qb6 Be6 32. Bf3 Rd2 33. Qb8+ Kg7 34. h3
Bd4 35. Bg4 Bxf2+ 36. Kf1 Bc4+ 37. Be2 Rxe2 38. Qe5+ Kg8 39. Qe8+ Kg7 40. Qe5+
Kf8 41. Qd6+ Kg8 42. Qb8+ Kg7 43. Qe5+ Kh6 44. Qf4+ Kg7 45. Qe5+ 1/2-1/2

[Event "PRO League All Stars St1"]
[Site "chess.com INT"]
[Date "2018.09.08"]
[Round "6"]
[White "Xiong, Jeffery"]
[Black "Andriasian, Zaven"]
[Result "1-0"]
[WhiteTitle "GM"]
[BlackTitle "GM"]
[WhiteElo "2651"]
[BlackElo "2603"]
[WhiteTeam "Pacific"]
[BlackTeam "Eastern"]
[WhiteFideId "2047640"]
[BlackFideId "13302000"]
[EventDate "2018.09.08"]

1. e4 c5 2. Nf3 d6 3. d4 cxd4 4. Qxd4 a6 5. h3 Nc6 6. Qe3 g6 7. Be2 Bg7 8. O-O
Nf6 9. c4 O-O 10. Nc3 Be6 11. Rd1 Nd7 12. b3 Qb6 13. Qd2 Rfc8 14. Bb2 Qd8 15.
Ng5 Nc5 16. Nxe6 Nxe6 17. Bg4 Ne5 18. Bxe6 fxe6 19. Ne2 Qf8 20. f4 Nc6 21. Bxg7
Qxg7 22. Rac1 Qf6 23. Qe3 b5 24. c5 dxc5 25. Rxc5 Nb4 26. e5 Qh4 27. Qe4 Nd5 28.
b4 Rd8 29. Rc6 Kf7 30. Rdc1 g5 31. Rf1 Ke8 32. Rxe6 Rac8 33. Qf5 gxf4 34. Nxf4
Ne3 35. Qf6 Qxf6 36. exf6 Nxf1 37. Rxe7+ Kf8 38. Ne6+ Kg8 39. f7+ Kh8 40. Nxd8
Rxd8 41. Re8+ 1-0

[Event "PRO League All Stars St1"]
[Site "chess.com INT"]
[Date "2018.09.08"]
[Round "6"]
[White "Vidit, Santosh Gujrathi"]
[Black "Dreev, Aleksey"]
[Result "1-0"]
[WhiteTitle "GM"]
[BlackTitle "GM"]
[WhiteElo "2711"]
[BlackElo "2649"]
[WhiteTeam "Eastern"]
[BlackTeam "Pacific"]
[WhiteFideId "5029465"]
[BlackFideId "4100107"]
[EventDate "2018.09.08"]

1. e4 c6 2. d4 d5 3. e5 Bf5 4. Nf3 e6 5. Be2 c5 6. O-O cxd4 7. Nxd4 Ne7 8. Be3
Nbc6 9. Bb5 a6 10. Bxc6+ Nxc6 11. Nxf5 exf5 12. c3 Be7 13. Nd2 Nxe5 14. Bd4 f6
15. Re1 Nc6 16. Nf3 O-O 17. Qb3 Qd7 18. Rad1 Na5 19. Qc2 Rfe8 20. b3 Bf8 21.
Rxe8 Rxe8 22. Be3 Nc6 23. c4 f4 24. Bxf4 Qg4 25. Bg3 dxc4 26. bxc4 Bc5 27. Kh1
Qe6 28. h3 Rd8 29. Rxd8+ Nxd8 30. Qb3 Qd7 31. Ne1 Nc6 32. Nd3 Bf8 33. Nf4 Qf7
34. Nd5 h5 35. a4 Bc5 36. Qf3 Kh7 37. Nf4 Ne5 38. Qe4+ Kg8 39. Nd5 Nc6 40. Bf4
Bf8 41. Be3 g6 42. g4 1-0